Score 0/28 Timer 10:00
4 Plays Today
% Correct
Gujarat
89.1%
Assam
84.5%
Madhya Pradesh
83.4%
Uttarakhand
81.3%
Tamil Nadu
80.4%
Bihar
78.4%
Uttar Pradesh
77.9%
Karnataka
77.8%
Kerala
76.5%
Jammu and Kashmir
76.3%
Sikkim
74.1%
Haryana
73.4%
Andaman and Nicobar
69.6%
Rajasthan
69.3%
% Correct
Andhra Pradesh
68.2%
Odisha
66.8%
Chattisgarh
66.8%
Maharashtra
66.3%
Jharkhand
65.9%
Manipur
64.2%
Nagaland
64.1%
West Bengal
64%
Arunachal Pradesh
62.2%
Goa
58.6%
Himachal Pradesh
58.4%
Tripura
56.1%
Meghalaya
56%
Mizoram
49.7%
Remove Ads.
Support Sporcle.
Get the best of Sporcle when you Go Orange. This ad-free experience offers more features, more stats, and more fun while also helping to support Sporcle. Thank you for becoming a member.

You're not logged in!

Compare scores with friends on all Sporcle quizzes.
OR
Log In

Show Comments

Extras

Created Jul 30, 2016ReportNominate
Tags:india, National Parks

Top Quizzes Today


Score Distribution

Your Account Isn't Verified!

In order to create a playlist on Sporcle, you need to verify the email address you used during registration. Go to your Sporcle Settings to finish the process.

Report this User

Report this user for behavior that violates our Community Guidelines.

Details: